000 00695nam a2200265Ia 4500
005 20260302114209.0
008 008 260114s9999 xx 000 0 eng d
020 _a9781978729063
037 _aTextbook
040 _aCRL
040 _beng
040 _cCRL
041 _2eng
041 _aeng
084 _qCRL
100 _aNikolaj Zunic
_91118050
245 0 _aSchelling on Truth and Person The Meaning of Positive Philosophy
260 _bBloomsbury
260 _bLexington Books
260 _c2022
650 _aPhilosophy
856 _uhttps://doi.org/10.5040/9781978729063?locatt=label:secondary_bloomsburyCollections
942 _cEBOOK
999 _c1681689
_d1681689